🐟 Cities on Seine Quiz Stats

 Plays Quiz not verified by Sporcle

Score 0/60 Timer 10:00
0 Plays Today
Pop. Commune % Correct
2,240,621Paris
100%
111,557Rouen
82.5%
173,142Le Havre
81.6%
117,126Boulogne-Billancourt
57.3%
108,274Saint-Denis
56.3%
60,009Troyes
52.4%
62,021Neuilly-sur-Seine
52.4%
90,722Nanterre
50.5%
104,962Argenteuil
48.5%
52,349Évry
45.6%
43,515Mantes-la-Jolie
45.6%
19,944Mantes-la-Ville
45.6%
40,503Melun
45.6%
58,579Ivry-sur-Seine
44.7%
65,322Issy-les-Moulineaux
40.8%
85,357Colombes
40.8%
88,102Vitry-sur-Seine
40.8%
83,845Asnières-sur-Seine
38.8%
86,854Courbevoie
37.9%
59,240Clichy
34%
44,514Puteaux
33%
64,654Levallois-Perret
33%
79,563Rueil-Malmaison
32%
46,017Corbeil-Essonnes
31.1%
42,919Gennevilliers
29.1%
47,499Saint-Ouen
29.1%
24,112Vernon
28.2%
24,563Le Grand-Quevilly
27.2%
51,713Sartrouville
27.2%
22,089Le Petit-Quevilly
26.2%
Pop. Commune % Correct
44,397Alfortville
26.2%
47,263Suresnes
25.2%
41,507Choisy-le-Roi
24.3%
37,597Poissy
24.3%
23,572Sèvres
23.3%
55,140Épinay-sur-Seine
23.3%
19,782Villeneuve-le-Roi
22.3%
29,436Saint-Cloud
22.3%
25,725Villeneuve-la-Garenne
22.3%
32,994Villeneuve-Saint-Georges
22.3%
45,107Meudon
20.4%
28,616Saint-Étienne-du-Rouvray
19.4%
35,135Conflans-Sainte-Honorine
19.4%
28,172Bezons
19.4%
30,585Chatou
18.4%
27,713Grigny
17.5%
28,622Sotteville-lès-Rouen
17.5%
31,221Viry-Châtillon
17.5%
30,760Les Mureaux
17.5%
29,482Athis-Mons
17.5%
30,148Charenton-le-Pont
16.5%
29,963Vigneux-sur-Seine
14.6%
23,215Maisons-Laffitte
14.6%
29,063Draveil
12.6%
26,800Ris-Orangis
12.6%
20,577Le Mée-sur-Seine
12.6%
20,892Dammarie-les-Lys
11.7%
19,469Achères
11.7%
26,944Herblay
10.7%
23,369Cormeilles-en-Parisis
7.8%

You're not logged in!

Compare scores with friends on all Sporcle quizzes.
OR
Log In

Show Comments

Extras

Created Aug 23, 2015ReportNominate
Tags:France, paris, river

Top Quizzes Today


Score Distribution

Your Account Isn't Verified!

In order to create a playlist on Sporcle, you need to verify the email address you used during registration. Go to your Sporcle Settings to finish the process.

Report this User

Report this user for behavior that violates our Community Guidelines.

Details: